Kis cégek a nagyok árnyékában Hogyan lehet hatékonyan marketingelni egy családi vállalkozást?
| Szerző: | |
|---|---|
| További közreműködők: | |
| Dokumentumtípus: | Projektmunka |
| Kulcsszavak: | 7P modell Kisvállalkozás marketingcsatorna marketingelmélet marketingeszközök marketingstratégiák márkaépítés szolgáltatásmarketing Veranda Delikát vevőkapcsolat |
| Online Access: | http://dolgozattar.uni-bge.hu/59690 |
MARC
| LEADER | 00000nnm a2200000 i 4500 | ||
|---|---|---|---|
| 001 | dolg59690 | ||
| 005 | 20260409145429.0 | ||
| 008 | 260409suuuu hu o 000 hun d | ||
| 040 | |a BGE Dolgozattár Repozitórium |b hun | ||
| 041 | |a hu | ||
| 100 | 1 | |a Horváth Csaba Gergő | |
| 245 | 1 | 0 | |a Kis cégek a nagyok árnyékában |b Hogyan lehet hatékonyan marketingelni egy családi vállalkozást? |c Horváth Csaba Gergő |h [elektronikus dokumentum] |
| 516 | |a Project_work | ||
| 520 | 3 | |a A projektmunka célja, hogy bemutassa, hogyan képes egy kis családi vállalkozás érvényesülni a nagyvállalatok versenyében hatékony marketingtevékenység által. A dolgozat a marketingelméleti alapok áttekintését követően a Veranda Delikát példáján keresztül mutatja be a kisvállalkozások előtt álló lehetőségeket és kihívásokat. A kvalitatív interjú és kvantitatív kérdőíves kutatás eredményeire építve javaslatokat fogalmaz meg a digitális jelenlét fejlesztésére, a közösségépítésre és a vásárlói hűség, illetve a márkaidentitás erősítésére. A kutatás eredményei rávilágítanak arra, hogy a személyesség, a helyi értékek hangsúlyozása és az online eszközök tudatos alkalmazása kulcsszerepet játszanak a kisvállalkozások hosszú távú sikerében. | |
| 695 | |a 7P modell | ||
| 695 | |a Kisvállalkozás | ||
| 695 | |a marketingcsatorna | ||
| 695 | |a marketingelmélet | ||
| 695 | |a marketingeszközök | ||
| 695 | |a marketingstratégiák | ||
| 695 | |a márkaépítés | ||
| 695 | |a szolgáltatásmarketing | ||
| 695 | |a Veranda Delikát | ||
| 695 | |a vevőkapcsolat | ||
| 700 | 1 | |a Molnár Dr. Zsolt |e ths | |
| 856 | 4 | 0 | |u http://dolgozattar.uni-bge.hu/59690/1/Projektmunka.pdf |z Dokumentum-elérés |
| 856 | 4 | 0 | |u http://dolgozattar.uni-bge.hu/59690/2/Horvath_Csaba_Gergo_KM%20FOSZK_Molnar.pdf |z Dokumentum-elérés |